Rivers of Europe Quiz Stats

 Plays Quiz Updated Oct 12, 2014

Challenge
Share
Tweet
Score 0/16 Timer 05:00
7 Plays Today
% Correct
Thames
91.3%
Danube
89.8%
Rhine
85.6%
Seine
81.7%
Rhône
67%
Po
62.2%
Tiber
59.6%
Loire
52%
% Correct
Elbe
42.7%
Dnieper
38.2%
Tagus
34.5%
Oder
32.6%
Vistula
31.5%
Ebro
26.8%
Meuse
22.7%
Garonne
22.3%

You're not logged in!

Compare scores with friends on all Sporcle quizzes.
Join for Free
OR
Log In

You Might Also Like...

Show Comments

Extras

Top Quizzes Today


Score Distribution

Your Account Isn't Verified!

In order to create a playlist on Sporcle, you need to verify the email address you used during registration. Go to your Sporcle Settings to finish the process.

Report this User

Report this user for behavior that violates our Community Guidelines.

Details: